ბათუმის შოთა რუსთაველის სახელმწიფო უნივერსიტეტის ბიბლიოთეკა

დავითიანი / (ბიბ.ჩანაწერი № 40324)

000 -ლიდერი
ფიქსირებული სიგრძის საკონტროლო ველი 00772nam a2200205Ia 4500
001 - საკონტროლო ნომერი
საკონტროლო ველი 6932
003 - საკონტროლო ნომრის იდენტიფიკატორი
საკონტროლო ველი GE_BSU
005 - ბოლო ოპერაციის თარიღი და დრო
საკონტროლო ველი 20200211170009.0
008 - ფიქსირებული სიგრძის მონაცემთა ელემენტები - ზოგადი ინფორმაცია
ფიქსირებული სიგრძის საკონტროლო ველი 181216s1964||||ge |||||||||||||| ||geo||
040 ## - კატალოგიზაციის წყარო
Transcribing agency GE_BSU
041 ## - ენის კოდი
Language code of text/sound track or separate title geo
080 ## - უნივერსალური ათობითი კლასიფიკაციის ინდექსი
Universal Decimal Classification number 821.353.1-11 გ-97
100 ## - მთავარი ჩანაწერი - პიროვნების სახელი
Personal name გურამიშვილი, დავით.
9 (RLIN) 6973
245 ## - ცნობა სათაურის შესახებ
Title დავითიანი /
Statement of responsibility, etc დავით გურამიშვილი ; რედ. ნ. ინასარიძე.
264 ## - წარმოების, გამოცემის, დისტრიბუციის და სხვა ცნობები
გამოცემის, წარმოების, დისტრიბუციის... ადგილი თბილისი :
გამოცემის, წარმოების, დისტრიბუციის... სახელწოდება საბჭ.საქართველო,
გამოცემის, წარმოების, დისტრიბუციის... თარიღი 1964.
300 ## - ფიზიკური აღწერა
Extent 347 გვ. :
Other physical details ილ. ;
Dimensions 14 სმ.
653 ## - INDEX TERM--UNCONTROLLED
Uncontrolled term დავითიანი
700 ## - ADDED ENTRY--PERSONAL NAME
Personal name ინასარიძე, ნ.
Relator term რედაქტორი
9 (RLIN) 1193
942 ## - ADDED ENTRY ELEMENTS (KOHA)
Koha item type წიგნი
Source of classification or shelving scheme
ეგზემპლარები
ჩამოწერის სტატუსი დაკარგული ეგზემპლარის სტატუსი კლასიფიკაციის წყარო ან თაროზე გაწყობის სქემა დაზიანების სტატუსი არ გაიცემა მუდმივი მდებარეობა (დაცვის ადგილი) ამჟამინდელი ადგილსამყოფელი თაროზე განთავსების ადგილი შეძენის თარიღი ღირებულება, შესყიდვის ნორმალური ფასი სრული შენახვის შიფრი შტრიხკოდი ბოლო ოპერაციის თარიღი ეგზემპლარის მიმდევრობითი ნომერი (კეტერი?) ფასის ძალაში შესვლის თარიღი ეგზემპლარის სახეობა საჯარო შენიშვნა Uniform Resource Identifier
          ბათუმის შოთა რუსთაველის სახელმწიფო უნივერსიტეტის მთავარი ბიბლიოთეკა ბათუმის შოთა რუსთაველის სახელმწიფო უნივერსიტეტის მთავარი ბიბლიოთეკა წიგნსაცავი 2018-12-17 0.98 821.353.1-11 გ-97 14964 2018-12-17 14964 2018-12-17 წიგნი 0.98 ლ.  
          ბათუმის შოთა რუსთაველის სახელმწიფო უნივერსიტეტის მთავარი ბიბლიოთეკა ბათუმის შოთა რუსთაველის სახელმწიფო უნივერსიტეტის მთავარი ბიბლიოთეკა წიგნსაცავი 2023-07-13 4.00 821.353.1-11 გ-97 64950 2023-07-13 64950 2023-07-13 წიგნი 4.00 ბსუ-ს საპატიო დოქტორის გურამ ლორთქიფანიძის საჩუქარი